| 000 | 00476nam a2200205Ia 4500 | ||
|---|---|---|---|
| 008 | 170918s9999 xx 000 0 und d | ||
| 020 | _a9780439664721 | ||
| 050 | _bP855 2002 | ||
| 100 | _aPosada, Mia | ||
| 245 | _aLadybugs : | ||
| 245 | _bred, fiery, and bright / | ||
| 245 | _cby Mia Posada. | ||
| 260 | _aNew York : | ||
| 260 | _bScholastic, | ||
| 260 | _c2002 | ||
| 300 | _aunpaged : | ||
| 300 | _bcolored illustration ; | ||
| 300 | _c22cm. | ||
| 500 | _a670 | ||
| 999 |
_c342974 _d342974 |
||